Strategický manažment prípadové štúdie

Salvato in:
Dettagli Bibliografici
Autore principale: Hudáková, Ivana, 1976-
Ente Autore: Ekonomická univerzita v Bratislave. Fakulta podnikového manažmentu
Altri autori: Slávik, Štefan, 1955-, Bednár, Richard, 1985-, Ljudvigová, Ivana, Roháľová-Ilkivová, Hana, Kráčmar, Ján, Patarák, Ondrej
Natura: Libro
Lingua:slovacco
Pubblicazione: Bratislava Vydavateľstvo EKONÓM 2010
Soggetti:
Tags: Aggiungi Tag
Nessun Tag, puoi essere il primo ad aggiungerne!!

MARC

LEADER 00000nam$a2200000$$$4500
001 0116122
005 20240502072308.7
020 |a 978-80-225-2979-2 
041 0 |a slo 
044 |a SK 
245 1 0 |a Strategický manažment  |b prípadové štúdie  |c Ivana Hudáková a kolektív 
264 1 |a Bratislava  |b Vydavateľstvo EKONÓM  |c 2010 
300 |a 218 s. [14,332 AH] 
610 2 0 |a manažment strategický 
610 2 0 |a štúdie prípadové 
610 2 0 |a riadenie strategické 
610 2 0 |a ciele podnikové 
610 2 0 |a prostredie podnikové 
610 2 0 |a prognózy 
610 2 0 |a stratégia podniková 
610 2 0 |a portfólio 
100 1 |a Hudáková, Ivana, 1976- 
700 1 |a Slávik, Štefan, 1955- 
700 1 |a Bednár, Richard, 1985- 
700 1 |a Ljudvigová, Ivana 
700 1 |a Roháľová-Ilkivová, Hana 
700 1 |a Kráčmar, Ján 
700 1 |a Patarák, Ondrej 
710 2 |a Ekonomická univerzita v Bratislave. Fakulta podnikového manažmentu